[Event "19th ECh U20 Girls"]
[Site "Baku AZE"]
[Date "2002.07.21"]
[Round "8"]
[White "Makka, Ioulia"]
[Black "Mamedyarova, Zeinab"]
[Result "0-1"]
[WhiteElo "2196"]
[BlackElo "2312"]
[EventDate "2002.07.14"]
[PlyCount "112"]

1.e4 e5 2.Nf3 Nf6 3.Nxe5 d6 4.Nf3 Nxe4 5.Bd3 Nc5 6.Be2 d5 7.O-O Bd6 8.Re1 
O-O 9.d3 Bf5 10.Bg5 f6 11.Bh4 Nc6 12.Bg3 d4 13.Nbd2 Kh8 14.Nh4 Be6 15.Ne4 
Nxe4 16.dxe4 Bb4 17.Rf1 Qd7 18.f4 Rad8 19.a3 Ba5 20.Bd3 Bg4 21.Qc1 Ne7 22.
Rf2 f5 23.e5 Nd5 24.h3 Bh5 25.Nf3 c5 26.Kh1 Ne3 27.b4 c4 28.Bxc4 Nxc4 29.
bxa5 Qd5 30.Bh4 Rd7 31.Qe1 Ne3 32.Qb4 Rc8 33.Ne1 h6 34.Rd2 Nc4 35.Rf2 Qxa5
36.Qxa5 Nxa5 37.Nd3 Bf7 38.g4 Be6 39.Re1 g6 40.gxf5 gxf5 41.Bf6+ Kh7 42.
Rg1 Nc4 43.a4 Ne3 44.Ne1 Nd5 45.Bh4 b6 46.Nd3 Ne3 47.Rc1 Rg7 48.Kh2 Rcg8 
49.Ne1 Bd5 50.Bf6 Rg1 51.Nd3 R1g2+ 52.Rxg2 Rxg2+ 53.Kh1 a5 54.c4 dxc3 55.
e6 Rg6+ 56.Kh2 Rxf6 0-1

[Event "19th ECh U20 Girls"]
[Site "Baku AZE"]
[Date "2002.07.21"]
[Round "8"]
[White "Milliet, Sophie"]
[Black "Charkhalashvili, Inga"]
[Result "0-1"]
[WhiteElo "2173"]
[BlackElo "2295"]
[EventDate "2002.07.14"]
[PlyCount "110"]

1.e4 c5 2.Nc3 e6 3.f4 Nc6 4.Nf3 d5 5.Bb5 Nf6 6.Ne5 Qc7 7.Qf3 a6 8.Bxc6+ 
bxc6 9.O-O Be7 10.d3 O-O 11.b3 Bb7 12.Ba3 Rfd8 13.Rae1 Bd6 14.Ng4 Nxg4 15.
Qxg4 c4 16.Bxd6 Qxd6 17.Kh1 cxd3 18.cxd3 Qb4 19.Na4 dxe4 20.dxe4 Rd2 21.f5
exf5 22.Qxf5 Rf8 23.Re3 Bc8 24.Qf4 Rxa2 25.Rg3 Qe7 26.Qh6 f6 27.Qh5 Rd8 
28.Qf3 Rc2 29.h3 Kh8 30.Nc3 Be6 31.Ne2 Rb2 32.Qh5 Rxb3 33.Rxb3 Bxb3 34.Ng3
c5 35.Qh4 Re8 36.Qg4 Be6 37.Qf4 Qd7 38.Kh2 c4 39.Qf3 Rc8 40.Rd1 Qb5 41.Qc3
Qb3 42.Qd4 c3 43.e5 c2 44.Rc1 fxe5 45.Qxe5 Qd5 46.Qe2 Qc6 47.Qd2 Qc7 48.
Qe2 Qc4 49.Qe5 Bf7 50.Nf5 Qc7 51.Nd6 Kg8 52.Qg3 Rd8 53.Nf5 Qxg3+ 54.Kxg3 
Bb3 55.Ne3 Rd1 0-1

[Event "19th ECh U20 Girls"]
[Site "Baku AZE"]
[Date "2002.07.21"]
[Round "8"]
[White "Agaeva, Shahana"]
[Black "Khukhashvili, Sopiko"]
[Result "0-1"]
[WhiteElo "2123"]
[BlackElo "2327"]
[EventDate "2002.07.14"]
[PlyCount "66"]

1.e4 e6 2.d4 d5 3.e5 c5 4.c3 Nc6 5.Nf3 Nge7 6.a3 a5 7.Bd3 cxd4 8.cxd4 Nf5 
9.Bc2 Qb6 10.Bxf5 exf5 11.Nc3 Be6 12.O-O h6 13.Qa4 g5 14.Qb5 Qxb5 15.Nxb5 
Kd7 16.a4 f4 17.Rd1 Bf5 18.Ne1 Be7 19.b3 Na7 20.Nc3 Ke6 21.Nd3 Rhc8 22.Bb2
Rc7 23.Rac1 Rac8 24.Kf1 Bb4 25.Ne2 Rc2 26.Rxc2 Rxc2 27.Ba1 f3 28.Nec1 Be4 
29.gxf3 Bxf3 30.Nxb4 axb4 31.Re1 Be4 32.Ne2 Bd3 33.f3 Ra2 0-1

[Event "19th ECh U20 Girls"]
[Site "Baku AZE"]
[Date "2002.07.21"]
[Round "8"]
[White "Kirik, Irina"]
[Black "Khusnutdinova, Luiza"]
[Result "1-0"]
[WhiteElo "2069"]
[BlackElo "2312"]
[EventDate "2002.07.14"]
[PlyCount "62"]

1.d4 d5 2.Nf3 Nf6 3.e3 c6 4.Bd3 e6 5.O-O Bd6 6.Ne5 Qc7 7.f4 c5 8.b3 Nc6 9.
Nxc6 Qxc6 10.c4 Bd7 11.Nd2 Qb6 12.Nf3 Bc6 13.Bb2 dxc4 14.Bxc4 cxd4 15.Nxd4
Bc5 16.Qe2 Be4 17.Bb5+ Ke7 18.a4 Rhd8 19.a5 Qd6 20.Rfd1 Nd5 21.a6 Rdb8 22.
axb7 Rxb7 23.Nc6+ Kf8 24.Be5 Qd7 25.Nxa7 Qe7 26.Nc6 Bxe3+ 27.Qxe3 Rxa1 28.
Rxa1 f5 29.Ra8+ Kf7 30.Qf2 Rxb5 31.Nxe7 Nxe7 1-0

[Event "19th ECh U20 Girls"]
[Site "Baku AZE"]
[Date "2002.07.21"]
[Round "8"]
[White "Hodova, Lucie"]
[Black "Melia, Salome"]
[Result "0-1"]
[WhiteElo "2060"]
[BlackElo "2262"]
[EventDate "2002.07.14"]
[PlyCount "82"]

1.e4 e5 2.Nf3 Nc6 3.Bb5 Nge7 4.d4 exd4 5.Nxd4 g6 6.Nc3 Bg7 7.Bxc6 bxc6 8.
O-O O-O 9.Re1 d6 10.Bf4 Rb8 11.Nb3 Re8 12.Qd3 h6 13.h4 Be6 14.Rad1 Qc8 15.
Qg3 c5 16.Bc1 Nc6 17.Nd5 c4 18.Nd2 Bxd5 19.exd5 Nd4 20.c3 Ne2+ 21.Rxe2 
Rxe2 22.Nxc4 Re4 23.b3 Qf5 24.f3 Re2 25.Ne3 Qe5 26.Qxe5 Bxe5 27.Ng4 Bxc3 
28.Nxh6+ Kg7 29.Ng4 Rxa2 30.Rd3 Rxb3 31.Bg5 Rb1+ 32.Kh2 Ba1 33.Re3 Bd4 34.
Re7 Rbb2 35.Bh6+ Kg8 36.Re8+ Kh7 37.Rf8 Rxg2+ 38.Kh3 Rxg4 39.fxg4 Ra3+ 40.
Kg2 Kxh6 41.Rxf7 Rc3 0-1

[Event "19th ECh U20 Girls"]
[Site "Baku AZE"]
[Date "2002.07.21"]
[Round "8"]
[White "Shukurova, Meihriban"]
[Black "Rzaeva, Svetlana"]
[Result "1-0"]
[WhiteElo "2238"]
[BlackElo "2073"]
[EventDate "2002.07.14"]
[PlyCount "69"]

1.e4 c5 2.Nc3 Nc6 3.f4 g6 4.Nf3 Bg7 5.Bc4 e6 6.O-O Nge7 7.d3 O-O 8.Qe1 d5 
9.Bb3 a6 10.a4 Nb4 11.Qf2 Qc7 12.e5 Bd7 13.Na2 Nxa2 14.Bxa2 b5 15.axb5 
axb5 16.Be3 d4 17.Bd2 Ra7 18.Bb3 Rfa8 19.Rxa7 Rxa7 20.c3 dxc3 21.Bxc3 Nd5 
22.Bd2 Bf8 23.Bc2 Ra2 24.Bc1 Nb4 25.Bb1 Ra1 26.Bd2 Nd5 27.Qh4 Qa7 28.h3 
c4+ 29.Kh2 Ne3 30.Bxe3 Qxe3 31.dxc4 bxc4 32.Bxg6 fxg6 33.Rxa1 Qc5 34.Ng5 
h6 35.Ne4 1-0

[Event "19th ECh U20 Girls"]
[Site "Baku AZE"]
[Date "2002.07.21"]
[Round "8"]
[White "Mammadova, Nargiz"]
[Black "Zakurdiaeva, Irina"]
[Result "1-0"]
[WhiteElo "2058"]
[BlackElo "2236"]
[EventDate "2002.07.14"]
[PlyCount "125"]

1.Nf3 Nc6 2.c4 e5 3.d3 Bc5 4.g3 Nf6 5.Bg2 d6 6.Nc3 h6 7.a3 a6 8.b4 Ba7 9.
O-O O-O 10.e3 Be6 11.Qc2 Qd7 12.Rd1 Rad8 13.Rb1 Ne7 14.c5 Nfd5 15.e4 Nxc3 
16.Qxc3 f6 17.d4 exd4 18.Rxd4 Nc6 19.Rd3 Qe7 20.Be3 f5 21.Nh4 fxe4 22.Bxe4
Ba2 23.Bd5+ Bxd5 24.Rxd5 dxc5 25.Rxd8 Rxd8 26.bxc5 Qe4 27.Re1 Rd3 28.Qc1 
Nd4 29.Bxd4 Qxd4 30.Nf5 Qxc5 31.Qf4 Qxf2+ 32.Qxf2 Bxf2+ 33.Kxf2 Rxa3 34.
Re7 Ra2+ 35.Kf3 Rc2 36.Rxg7+ Kf8 37.Rh7 a5 38.Nd4 Rc4 39.Ne6+ Ke8 40.Nxc7+
Kd8 41.Nb5 a4 42.Rxb7 a3 43.Nxa3 Rc3+ 44.Kg4 Rxa3 45.Kh5 Ra6 46.Rh7 Ra2 
47.h4 Ra5+ 48.Kxh6 Ra6+ 49.Kg7 Ra7+ 50.Kg8 Ra2 51.g4 Rg2 52.g5 Rg4 53.Rh6 
Ke7 54.Kg7 Rg2 55.g6 Ke6 56.h5 Ra2 57.Rh8 Kf5 58.Rf8+ Kg5 59.h6 Ra7+ 60.
Rf7 Ra6 61.h7 Rxg6+ 62.Kf8 Rh6 63.Kg8 1-0

[Event "19th ECh U20 Girls"]
[Site "Baku AZE"]
[Date "2002.07.21"]
[Round "8"]
[White "Isgandarova, Khayala"]
[Black "Buckley, Melanie"]
[Result "1-0"]
[WhiteElo "2047"]
[BlackElo "2184"]
[EventDate "2002.07.14"]
[PlyCount "117"]

1.e4 e6 2.d3 d5 3.Nd2 Nf6 4.Ngf3 Nc6 5.c3 a5 6.e5 Nd7 7.d4 f6 8.Bd3 g6 9.
exf6 Qxf6 10.O-O Bg7 11.c4 O-O 12.Qe2 Kh8 13.Nb3 a4 14.Bg5 Qf7 15.cxd5 
exd5 16.Nbd2 Re8 17.Qd1 Nb6 18.Bb5 Bd7 19.Bxc6 Bxc6 20.Qc2 Nd7 21.Rfe1 
Rxe1+ 22.Rxe1 Re8 23.Qc1 Re6 24.Rxe6 Qxe6 25.Bd8 h6 26.Bxc7 g5 27.h3 Bf6 
28.Nf1 Bb5 29.Qe3 Qe4 30.Qxe4 dxe4 31.Ne5 Bxe5 32.dxe5 Nc5 33.Ng3 Kh7 34.
Bd6 Nd3 35.Nxe4 Nxb2 36.e6 Nc4 37.Bb4 Kg6 38.e7 Kf7 39.Kh2 Bc6 40.Ng3 Kg6 
41.Ne2 Ne5 42.Nd4 Be8 43.Bd6 Nc6 44.Nxc6 bxc6 45.Kg3 Kf5 46.Kf3 h5 47.g4+ 
hxg4+ 48.hxg4+ Ke6 49.Bc5 Bg6 50.Ke3 Kd5 51.Bd4 Ke6 52.Bc5 Kd5 53.Bb6 c5 
54.f4 gxf4+ 55.Kxf4 Kd6 56.Kg5 Be8 57.Kf6 c4 58.Ba5 Kd7 59.Bb4 1-0

[Event "19th ECh U20 Girls"]
[Site "Baku AZE"]
[Date "2002.07.21"]
[Round "8"]
[White "Khudaverdieva, Afag"]
[Black "Mamedyarova, Turkan"]
[Result "0-1"]
[WhiteElo "2043"]
[BlackElo "2134"]
[EventDate "2002.07.14"]
[PlyCount "67"]

1.d4 d5 2.Nf3 Nf6 3.c4 e6 4.Nc3 Bb4 5.Bg5 dxc4 6.e3 b5 7.Be2 Bb7 8.O-O 
Bxc3 9.bxc3 Nbd7 10.Rb1 Bc6 11.Nd2 Qc8 12.Bf3 Bxf3 13.Qxf3 c6 14.Qg3 O-O 
15.Bh6 Ne8 16.Ne4 Qb8 17.Bf4 Qc8 18.Bh6 Qb8 19.Bf4 Qd8 20.Bg5 f6 21.Bf4 
Qe7 22.Nd6 e5 23.Nf5 Qe6 24.Qg4 Kh8 25.Bg3 g6 26.Nh6 Qxg4 27.Nxg4 h5 28.
Nxe5 fxe5 29.dxe5 Nc5 30.f4 Ng7 31.Bh4 Nf5 32.Bf6+ Kg8 33.Rf3 Ne4 34.Bg5 
0-1

[Event "19th ECh U20 Girls"]
[Site "Baku AZE"]
[Date "2002.07.21"]
[Round "8"]
[White "Topel, Zehra"]
[Black "Esebua, Megi"]
[Result "1-0"]
[WhiteElo "2067"]
[BlackElo "2107"]
[EventDate "2002.07.14"]
[PlyCount "77"]

1.d4 d5 2.c4 c6 3.Nf3 Nf6 4.Nc3 e6 5.Bf4 dxc4 6.a4 Nd5 7.Bd2 Nxc3 8.Bxc3 
Nd7 9.e3 b5 10.axb5 cxb5 11.Ba5 Qe7 12.b3 cxb3 13.Bxb5 Rb8 14.Qxb3 Qd6 15.
Rb1 Rxb5 16.Qxb5 Ba6 17.Qa4 f6 18.Nd2 Qd5 19.e4 Qa8 20.Bc7 Bb7 21.O-O Bc6 
22.Qc4 Kf7 23.f3 a6 24.Ra1 Qb7 25.Rxa6 Bb5 26.Qxe6+ Kg6 27.Qf5+ Kf7 28.Rb1
Qxa6 29.Qd5+ Ke8 30.Qxb5 Qa7 31.Bb6 Qb8 32.Qc6 Qf4 33.Qc8+ Ke7 34.Qd8+ Kf7
35.Qxd7+ Be7 36.Qd5+ Kf8 37.Bc5 Bxc5 38.dxc5 g6 39.Qd6+ 1-0

[Event "19th ECh U20 Girls"]
[Site "Baku AZE"]
[Date "2002.07.??"]
[Round "9"]
[White "Khukhashvili, Sopiko"]
[Black "Charkhalashvili, Inga"]
[Result "1/2-1/2"]
[WhiteElo "2327"]
[BlackElo "2295"]
[EventDate "2002.07.14"]
[PlyCount "33"]

1.e4 c6 2.d4 d5 3.exd5 cxd5 4.c4 Nf6 5.Nc3 e6 6.Nf3 Be7 7.cxd5 Nxd5 8.Bd3 
O-O 9.O-O Nc6 10.Re1 Bf6 11.Be4 b6 12.Qd3 h6 13.Be3 Bb7 14.Qd1 Nce7 15.Bc2
Rc8 16.Ne4 Nf5 17.a3 1/2-1/2

[Event "19th ECh U20 Girls"]
[Site "Baku AZE"]
[Date "2002.07.??"]
[Round "9"]
[White "Javakhishvili, Lela"]
[Black "Makka, Ioulia"]
[Result "1-0"]
[WhiteElo "2319"]
[BlackElo "2196"]
[EventDate "2002.07.14"]
[PlyCount "85"]

1.d4 d5 2.c4 c6 3.Nf3 Nf6 4.Qc2 g6 5.Bf4 dxc4 6.Qxc4 Bg7 7.e3 O-O 8.Be2 
Be6 9.Qc2 Bf5 10.Qb3 Qb6 11.Nbd2 Nbd7 12.h3 Rac8 13.Nc4 Qxb3 14.axb3 a6 
15.Na5 b5 16.Nb7 Ra8 17.Ne5 Rfc8 18.Bf3 Nxe5 19.Bxe5 Ra7 20.Na5 Bd7 21.Rc1
Nd5 22.Bxg7 Kxg7 23.Rc5 Nb4 24.Kd2 Rac7 25.Rhc1 e6 26.Ra1 Kf8 27.g4 Ke7 
28.g5 Nd5 29.Rac1 Kd8 30.h4 Ne7 31.h5 Ke8 32.e4 Kd8 33.b4 Be8 34.Ke3 Bd7 
35.R5c3 Rb8 36.Nb3 Nc8 37.d5 exd5 38.exd5 Nb6 39.Na5 Na4 40.R3c2 Rb6 41.b3
Bf5 42.Nxc6+ Rbxc6 43.Rxc6 1-0

[Event "19th ECh U20 Girls"]
[Site "Baku AZE"]
[Date "2002.07.??"]
[Round "9"]
[White "Melia, Salome"]
[Black "Milliet, Sophie"]
[Result "1-0"]
[WhiteElo "2262"]
[BlackElo "2173"]
[EventDate "2002.07.14"]
[PlyCount "97"]

1.e4 e5 2.Nc3 Nf6 3.g3 Bc5 4.Bg2 O-O 5.Nge2 Nc6 6.O-O a6 7.d3 d6 8.h3 Be6 
9.Kh2 d5 10.Bg5 dxe4 11.Nxe4 Be7 12.Bxf6 Bxf6 13.f4 Be7 14.f5 Bc8 15.N2c3 
Nd4 16.g4 c6 17.Qd2 f6 18.Nd1 Qc7 19.a4 a5 20.Ne3 Bd7 21.Qd1 Be8 22.c3 Bf7
23.Nc4 b5 24.Ncd2 bxa4 25.cxd4 exd4+ 26.Kg1 Rfb8 27.Qc2 Rb5 28.Rxa4 Rab8 
29.Nc4 Kh8 30.Qc1 Bd5 31.Qf4 Qa7 32.Ned2 Bb4 33.b3 Qe7 34.Raa1 Bxg2 35.
Rfe1 Qc5 36.Kxg2 Bxd2 37.Qxd2 Qd5+ 38.Re4 Rxb3 39.Rxa5 c5 40.Qe2 h6 41.Ra3
Rb1 42.Qf3 Qb7 43.Ra2 Qb3 44.Rd2 Kh7 45.Re7 Qc3 46.Rde2 R8b3 47.g5 fxg5 
48.f6 Rb8 49.Qf5+ 1-0

[Event "19th ECh U20 Girls"]
[Site "Baku AZE"]
[Date "2002.07.??"]
[Round "9"]
[White "Jurkiewicz, Katarzyna"]
[Black "Shukurova, Meihriban"]
[Result "0-1"]
[WhiteElo "2190"]
[BlackElo "2238"]
[EventDate "2002.07.14"]
[PlyCount "88"]

1.e4 c5 2.Nf3 d6 3.d4 cxd4 4.Nxd4 Nf6 5.Nc3 Nc6 6.Be2 e5 7.Nf3 h6 8.h3 Be7
9.O-O O-O 10.Re1 Be6 11.Bf1 Nb8 12.a4 a5 13.Nb5 Na6 14.b3 Nc5 15.Nd2 d5 
16.exd5 Nxd5 17.Bb2 f6 18.Nc4 Qe8 19.Ne3 Nxe3 20.Rxe3 Qc6 21.Qe1 Rfd8 22.
Na3 Bf8 23.Bc4 b6 24.Bxe6+ Nxe6 25.Nc4 Bc5 26.Rg3 Bd4 27.c3 Bc5 28.Ne3 Rd3
29.Rd1 Rad8 30.Rxd3 Rxd3 31.Nf5 Rxg3 32.Nxg3 Qd5 33.b4 axb4 34.cxb4 Nf4 
35.Qe4 Qd1+ 36.Kh2 Bxf2 37.Qa8+ Kh7 38.Qe4+ Ng6 39.Ne2 Qxa4 40.Bc3 Qd1 41.
b5 Bc5 42.h4 h5 43.Qf3 Nf4 44.Qe4+ Kh6 0-1

[Event "19th ECh U20 Girls"]
[Site "Baku AZE"]
[Date "2002.07.??"]
[Round "9"]
[White "Mamedyarova, Zeinab"]
[Black "Topel, Zehra"]
[Result "1-0"]
[WhiteElo "2312"]
[BlackElo "2067"]
[EventDate "2002.07.14"]
[PlyCount "69"]

1.d4 Nf6 2.Bg5 e6 3.e4 h6 4.Bxf6 Qxf6 5.Nc3 Bb4 6.Qd2 d6 7.g3 Nd7 8.O-O-O 
O-O 9.f4 e5 10.Nge2 exd4 11.Nxd4 Nc5 12.Qe3 Bxc3 13.bxc3 Re8 14.Bg2 a6 15.
h3 Bd7 16.Rhe1 Re7 17.Nb3 Nxb3+ 18.axb3 Rae8 19.Qd4 Qg6 20.Re3 Bc6 21.Rde1
Qf6 22.e5 dxe5 23.fxe5 Qe6 24.Bf1 Rd7 25.Qf4 b5 26.Bd3 Qd5 27.Qf5 g6 28.
Qf4 Qc5 29.e6 Rxe6 30.Rxe6 fxe6 31.Rxe6 Qxc3 32.Re8+ Kh7 33.Bxg6+ Kxg6 34.
Qg4+ Kf6 35.Re6+ 1-0

[Event "19th ECh U20 Girls"]
[Site "Baku AZE"]
[Date "2002.07.??"]
[Round "9"]
[White "Zakurdiaeva, Irina"]
[Black "Agaeva, Shahana"]
[Result "1-0"]
[WhiteElo "2236"]
[BlackElo "2123"]
[EventDate "2002.07.14"]
[PlyCount "55"]

1.e4 e5 2.Nf3 Nf6 3.Nc3 Bb4 4.Bc4 O-O 5.O-O d6 6.d3 h6 7.Ne2 Nc6 8.c3 Ba5 
9.Ng3 Bb6 10.b4 a6 11.Qb3 Qe8 12.Nh4 Kh7 13.Be3 Ba7 14.d4 exd4 15.cxd4 g6 
16.Qd3 Qe7 17.a3 Bd7 18.Rae1 Rae8 19.Nf3 Nd8 20.Bc1 Be6 21.d5 Bg4 22.e5 
Ng8 23.Bb2 Bxf3 24.Qxf3 dxe5 25.Rxe5 Qh4 26.Re4 Rxe4 27.Nxe4 f5 28.Qc3 1-0

[Event "19th ECh U20 Girls"]
[Site "Baku AZE"]
[Date "2002.07.??"]
[Round "9"]
[White "Dzagnidze, Nana"]
[Black "Mammadova, Nargiz"]
[Result "0-1"]
[WhiteElo "2281"]
[BlackElo "2058"]
[EventDate "2002.07.14"]
[PlyCount "112"]

1.d4 Nf6 2.c4 g6 3.Nc3 Bg7 4.e4 d6 5.Be2 O-O 6.Bg5 c5 7.d5 h6 8.Be3 e6 9.
Qd2 exd5 10.cxd5 Kh7 11.f3 Re8 12.g4 Nbd7 13.h4 h5 14.g5 Ng8 15.Nh3 a6 16.
a4 Rb8 17.Nf2 Qa5 18.O-O Qd8 19.f4 Qe7 20.Rae1 b5 21.axb5 axb5 22.Nxb5 Ba6
23.Nc3 Bxe2 24.Qxe2 Rb3 25.Nfd1 Reb8 26.e5 dxe5 27.f5 R8b4 28.f6 Ngxf6 29.
gxf6 Nxf6 30.Rxf6 Qxf6 31.Bg5 Qf5 32.Kh2 Qg4 33.Qxg4 Rxg4 34.Ne4 f5 35.
Nf6+ Bxf6 36.Bxf6 Rd3 37.Bxe5 Rxh4+ 38.Kg2 Rg4+ 39.Kf2 Rxd5 40.Bc3 Re4 41.
Rh1 Rd3 42.Kg2 Rg4+ 43.Kf2 Re4 44.Kg2 h4 45.Nf2 Rg3+ 46.Kf1 Ra4 47.Ke2 g5 
48.Rd1 Ra6 49.Rd5 Re6+ 50.Kf1 h3 51.Rd8 g4 52.Rc8 Rf3 53.Kg1 Re2 54.Rc7+ 
Kg8 55.Rc8+ Kf7 56.Rc7+ Ke8 0-1

[Event "19th ECh U20 Girls"]
[Site "Baku AZE"]
[Date "2002.07.??"]
[Round "9"]
[White "Rzaeva, Svetlana"]
[Black "Ismailova, Aytaj"]
[Result "0-1"]
[WhiteElo "2073"]
[BlackElo "2157"]
[EventDate "2002.07.14"]
[PlyCount "96"]

1.e4 c5 2.Nf3 d6 3.d4 cxd4 4.Nxd4 Nf6 5.Nc3 a6 6.Be2 e5 7.Nb3 Be7 8.O-O 
O-O 9.a4 b6 10.f4 Nbd7 11.f5 Bb7 12.Bf3 b5 13.a5 b4 14.Nd5 Nxd5 15.exd5 
Nf6 16.Qd3 Qd7 17.Rd1 Rfc8 18.Bd2 Qc7 19.c3 bxc3 20.Bxc3 Qc4 21.Qxc4 Rxc4 
22.g3 Kf8 23.h3 Rb8 24.Nd2 Rc7 25.Nf1 Bc8 26.Ne3 Nd7 27.Ra4 Nc5 28.Rc4 Bg5
29.Ng4 Bxf5 30.b4 Ne6 31.Rc6 Bc2 32.Ra1 f5 33.dxe6 Rxc6 34.Bxc6 fxg4 35.
Rf1+ Bf6 36.Bd7 gxh3 37.Kh2 Ke7 38.g4 Bd3 39.Rf3 Be2 40.Rxh3 Bxg4 41.Rxh7 
Bxe6 42.Bxe6 Kxe6 43.Rh3 d5 44.Kg2 d4 45.Bd2 Kd5 46.Kf3 e4+ 47.Ke2 e3 48.
Be1 Ke4 0-1

[Event "19th ECh U20 Girls"]
[Site "Baku AZE"]
[Date "2002.07.??"]
[Round "9"]
[White "Buckley, Melanie"]
[Black "Khudaverdieva, Afag"]
[Result "1/2-1/2"]
[WhiteElo "2184"]
[BlackElo "2043"]
[EventDate "2002.07.14"]
[PlyCount "82"]

1.e4 e6 2.d4 d5 3.Nd2 Nf6 4.e5 Nfd7 5.c3 c5 6.Bd3 Nc6 7.Ne2 cxd4 8.cxd4 
Qb6 9.Nf3 f6 10.exf6 Nxf6 11.O-O Bd6 12.b3 O-O 13.Bf4 Bxf4 14.Nxf4 Bd7 15.
Rc1 Rae8 16.Bb1 Ne4 17.Nh5 Kh8 18.Ng3 Nxg3 19.hxg3 e5 20.dxe5 Nxe5 21.Nxe5
Rxe5 22.Qc2 Qh6 23.Qc5 Rfe8 24.Bd3 Bc6 25.Qd4 Rh5 26.f4 Rh1+ 27.Kf2 Rxf1+ 
28.Rxf1 Bd7 29.Re1 Rxe1 30.Kxe1 Qe6+ 31.Kf2 a6 32.Be2 Kg8 33.Bf3 Bc6 34.
Qe5 Qd7 35.Ke3 Qd8 36.Qd4 Qe7+ 37.Qe5 Qc5+ 38.Qd4 Qc1+ 39.Kf2 Qc2+ 40.Kg1 
Qb1+ 41.Kh2 Qf5 1/2-1/2

[Event "19th ECh U20 Girls"]
[Site "Baku AZE"]
[Date "2002.07.??"]
[Round "9"]
[White "Mamedyarova, Turkan"]
[Black "Hodova, Lucie"]
[Result "1-0"]
[WhiteElo "2134"]
[BlackElo "2060"]
[EventDate "2002.07.14"]
[PlyCount "53"]

1.d4 Nf6 2.Bg5 d6 3.Bxf6 gxf6 4.Nf3 f5 5.g3 Bg7 6.Bg2 c6 7.c3 Nd7 8.O-O 
Nf6 9.Nbd2 Qc7 10.Qc2 Bd7 11.Rac1 O-O-O 12.c4 e5 13.c5 e4 14.cxd6 Qxd6 15.
Ne5 Qe7 16.Ndc4 Rhf8 17.b4 Nd5 18.b5 c5 19.Nxd7 Qxd7 20.dxc5 Kb8 21.Qb3 
Bd4 22.c6 Qe8 23.cxb7 Kxb7 24.Na5+ Ka8 25.Nc6 Bb6 26.Nxd8 Qxd8 27.Rfd1 1-0

[Event "19th ECh U20 Girls"]
[Site "Baku AZE"]
[Date "2002.07.??"]
[Round "9"]
[White "Esebua, Megi"]
[Black "Isgandarova, Khayala"]
[Result "1-0"]
[WhiteElo "2107"]
[BlackElo "2047"]
[EventDate "2002.07.14"]
[PlyCount "55"]

1.d4 Nf6 2.Nf3 g6 3.c4 Bg7 4.Nc3 d6 5.e3 O-O 6.Be2 Nbd7 7.O-O e5 8.dxe5 
dxe5 9.e4 c6 10.Rb1 a5 11.b3 Qe7 12.Bb2 Ne8 13.Qc1 h6 14.Ba3 c5 15.Nd5 Qe6
16.Qe3 b6 17.Nh4 Ra7 18.Qg3 Nef6 19.Qe3 Nh7 20.h3 f5 21.Nxg6 Re8 22.exf5 
Qd6 23.Rbd1 Qb8 24.Nge7+ Kh8 25.Nc6 Qb7 26.Nxa7 Qxa7 27.Bh5 Rf8 28.Ne7 1-0

[Event "19th ECh U20 Girls"]
[Site "Baku AZE"]
[Date "2002.07.??"]
[Round "10"]
[White "Melia, Salome"]
[Black "Dzagnidze, Nana"]
[Result "1/2-1/2"]
[WhiteElo "2262"]
[BlackElo "2281"]
[EventDate "2002.07.14"]
[PlyCount "157"]

1.e4 c5 2.Nf3 d6 3.d4 cxd4 4.Nxd4 Nf6 5.Nc3 a6 6.Bg5 e5 7.Bxf6 Qxf6 8.Nd5 
Qd8 9.Nf5 Nc6 10.Nfe3 Be6 11.a4 Be7 12.Bc4 O-O 13.O-O Bg5 14.c3 Rc8 15.Qd3
Kh8 16.Rfd1 g6 17.Nc2 Na5 18.Ba2 f5 19.b4 fxe4 20.Qxe4 Bf5 21.Qe2 Nc4 22.
Bxc4 Bxc2 23.Qxc2 Rxc4 24.Qd3 Rc8 25.a5 Qe8 26.Ra2 Bh6 27.Re2 Qe6 28.Re4 
Rf7 29.f3 Rcf8 30.Nb6 Rf6 31.Nc4 R8f7 32.Qd5 Qxd5 33.Rxd5 Bf8 34.Kf1 Rc7 
35.Ke2 Kg8 36.Kd3 Kf7 37.Nb6 Ke6 38.c4 Rc6 39.Na4 Rf7 40.Nc3 Rc8 41.Ne2 
Rxc4 42.Rxd6+ Bxd6 43.Kxc4 Rc7+ 44.Kb3 Rc8 45.Nc3 Rf8 46.Rc4 h6 47.Ne4 Rd8
48.Rc2 Rf8 49.Ka4 g5 50.h3 Ra8 51.Rc1 Rb8 52.b5 axb5+ 53.Kxb5 Ra8 54.Rc2 
Be7 55.Rc1 Bd6 56.Rc2 Be7 57.Rc1 Bd6 58.Nc5+ Bxc5 59.Rxc5 h5 60.Rc4 Kd7 
61.h4 gxh4 62.Rxh4 Rg8 63.Rxh5 Rxg2 64.Rxe5 Kd6 65.Re4 Kd5 66.Rg4 Rf2 67.
Rf4 Kd6 68.Kb6 Rb2+ 69.Ka7 Rb5 70.Ra4 Kc6 71.f4 Kc7 72.Rc4+ Kd6 73.Rd4+ 
Kc6 74.Rc4+ Kd6 75.Re4 Rxa5+ 76.Kxb7 Rf5 77.Rd4+ Rd5 78.Ra4 Rf5 79.Rd4+ 
1/2-1/2

[Event "19th ECh U20 Girls"]
[Site "Baku AZE"]
[Date "2002.07.??"]
[Round "10"]
[White "Charkhalashvili, Inga"]
[Black "Zakurdiaeva, Irina"]
[Result "1-0"]
[WhiteElo "2295"]
[BlackElo "2236"]
[EventDate "2002.07.14"]
[PlyCount "101"]

1.d4 d5 2.c4 c6 3.Nc3 Nf6 4.Nf3 dxc4 5.a4 Bf5 6.e3 e6 7.Bxc4 Bb4 8.O-O 
Nbd7 9.Qe2 O-O 10.e4 Bg6 11.Bd3 Bh5 12.e5 Nd5 13.Ne4 Be7 14.Ng3 Bxf3 15.
Qxf3 c5 16.Qe4 g6 17.Kh1 cxd4 18.Qxd4 Qc7 19.f4 Nc5 20.Bc2 Rfd8 21.Bd2 Nb6
22.Qf2 Ncxa4 23.Bxa4 Nxa4 24.Rxa4 Qc2 25.Bb4 Qxf2 26.Rxf2 Rd4 27.Bxe7 Rxa4
28.h3 Rc8 29.Kh2 Rd4 30.b4 Rcc4 31.Ra2 a6 32.Ne2 Rd5 33.Kg3 h6 34.h4 Kg7 
35.Kf2 Kh7 36.Ke3 Kg7 37.g3 g5 38.hxg5 hxg5 39.fxg5 Rxe5+ 40.Kd3 Ree4 41.
Bf6+ Kg6 42.Nd4 Rexd4+ 43.Bxd4 Rxb4 44.Bf6 Rb3+ 45.Ke4 Rb4+ 46.Ke5 Rb5+ 
47.Kd6 Rb4 48.Rh2 Kf5 49.Ke7 Rc4 50.Kxf7 Rc7+ 51.Be7 1-0

[Event "19th ECh U20 Girls"]
[Site "Baku AZE"]
[Date "2002.07.??"]
[Round "10"]
[White "Javakhishvili, Lela"]
[Black "Mamedyarova, Turkan"]
[Result "1/2-1/2"]
[WhiteElo "2319"]
[BlackElo "2134"]
[EventDate "2002.07.14"]
[PlyCount "61"]

1.d4 c5 2.d5 e5 3.dxe6 fxe6 4.c4 Be7 5.g3 Nf6 6.Bg2 O-O 7.Nh3 Nc6 8.O-O 
Qc7 9.Nc3 a6 10.Ng5 b6 11.Bf4 e5 12.Nd5 Qd6 13.Qd3 Kh8 14.Be3 h6 15.Ne4 
Nxe4 16.Qxe4 Rb8 17.Rad1 Bb7 18.f4 Bf6 19.Nxf6 Qxf6 20.Rxd7 Na5 21.Qd3 
Bxg2 22.Kxg2 Rbd8 23.b3 Rxd7 24.Qxd7 Nc6 25.Rf2 e4 26.Qd5 Re8 27.Bc1 Nb4 
28.Qd7 Rd8 29.Qc7 Rd1 30.Rf1 Rxf1 31.Kxf1 1/2-1/2

[Event "19th ECh U20 Girls"]
[Site "Baku AZE"]
[Date "2002.07.??"]
[Round "10"]
[White "Khusnutdinova, Luiza"]
[Black "Polushkina, Svetlana"]
[Result "1-0"]
[WhiteElo "2312"]
[BlackElo "2131"]
[EventDate "2002.07.14"]
[PlyCount "71"]

1.d4 f5 2.g3 Nf6 3.Bg2 e6 4.Nh3 d6 5.O-O Be7 6.c4 O-O 7.Nc3 e5 8.d5 Qe8 9.
Ng5 Qh5 10.Ne6 Bxe6 11.dxe6 Na6 12.Nd5 Nxd5 13.cxd5 f4 14.a3 Rf6 15.e4 f3 
16.Re1 g5 17.Bf1 Raf8 18.b4 Rg6 19.Ra2 Rf4 20.Bxf4 gxf4 21.Bg2 Rh6 22.Qxf3
Qxh2+ 23.Kf1 Rg6 24.gxf4 exf4 25.e5 Qh4 26.Rae2 Rg7 27.Re4 Qg5 28.Rxf4 
dxe5 29.Rf5 Qh4 30.Rfxe5 Nb8 31.R1e4 Qh6 32.Rg4 Bf6 33.Rxg7+ Qxg7 34.Rf5 
Be7 35.Bh3 Bd6 36.Qh5 1-0

[Event "19th ECh U20 Girls"]
[Site "Baku AZE"]
[Date "2002.07.??"]
[Round "10"]
[White "Shukurova, Meihriban"]
[Black "Milliet, Sophie"]
[Result "1-0"]
[WhiteElo "2238"]
[BlackElo "2173"]
[EventDate "2002.07.14"]
[PlyCount "73"]

1.e4 c5 2.Nf3 Nc6 3.d3 g6 4.g3 Bg7 5.Bg2 e6 6.O-O Nge7 7.Re1 d6 8.Nbd2 Rb8
9.Nf1 b5 10.c3 Qb6 11.Bf4 e5 12.Be3 a5 13.Qd2 O-O 14.h4 d5 15.exd5 Nxd5 
16.Bh6 Bxh6 17.Qxh6 Nf6 18.Ne3 Qc7 19.Ng5 Ne7 20.Be4 Bd7 21.h5 Kh8 22.hxg6
fxg6 23.Kg2 Neg8 24.Qh4 Kg7 25.Nxh7 Nxh7 26.Rh1 Nhf6 27.Bd5 Nh5 28.Qg5 
Ngf6 29.Be4 Nxe4 30.dxe4 Rh8 31.Qe7+ Kg8 32.Nd5 Qd8 33.Qxe5 Rh7 34.Rxh5 
Rxh5 35.Nf6+ Qxf6 36.Qxf6 Rf8 37.Qxg6+ 1-0

[Event "19th ECh U20 Girls"]
[Site "Baku AZE"]
[Date "2002.07.??"]
[Round "10"]
[White "Mammadova, Nargiz"]
[Black "Mamedyarova, Zeinab"]
[Result "0-1"]
[WhiteElo "2058"]
[BlackElo "2312"]
[EventDate "2002.07.14"]
[PlyCount "70"]

1.Nf3 b6 2.g3 Bb7 3.Bg2 e5 4.d3 g6 5.O-O Bg7 6.e4 d6 7.c3 Ne7 8.Nbd2 O-O 
9.Nc4 a5 10.a4 Nd7 11.Nh4 f5 12.Bg5 fxe4 13.dxe4 Nc5 14.Ne3 Qe8 15.b4 Nd7 
16.Bh3 Nf6 17.Qb3+ Kh8 18.f3 h6 19.Bxf6 Bxf6 20.Be6 axb4 21.cxb4 Nc6 22.
Bd5 Nd4 23.Qd1 c6 24.Bb3 Bxh4 25.gxh4 Qe7 26.Ra2 Qxh4 27.Nc4 Qd8 28.a5 
bxa5 29.bxa5 Ba6 30.Rg2 Qf6 31.Kh1 Kh7 32.Rfg1 g5 33.Rg3 Bxc4 34.Bxc4 Rxa5
35.Qf1 Nxf3 0-1

[Event "19th ECh U20 Girls"]
[Site "Baku AZE"]
[Date "2002.07.??"]
[Round "10"]
[White "Makka, Ioulia"]
[Black "Esebua, Megi"]
[Result "1-0"]
[WhiteElo "2196"]
[BlackElo "2107"]
[EventDate "2002.07.14"]
[PlyCount "83"]

1.e4 e5 2.Nf3 Nf6 3.Nxe5 d6 4.Nf3 Nxe4 5.Bd3 Nc5 6.Be2 d5 7.d4 Ne4 8.O-O 
Be7 9.c4 c6 10.Qb3 O-O 11.Nc3 Nxc3 12.bxc3 dxc4 13.Bxc4 b5 14.Bd3 Nd7 15.
a4 bxa4 16.Qxa4 Qc7 17.Re1 Nf6 18.Ne5 Bb7 19.c4 h6 20.Bd2 Rfe8 21.Ba5 Qc8 
22.Qc2 Bd6 23.Bf5 Qb8 24.Rab1 Bc7 25.Bc3 c5 26.dxc5 Bxe5 27.c6 Bxc3 28.
Qxc3 Rxe1+ 29.Qxe1 Qc7 30.cxb7 Rb8 31.Bc8 Qxc4 32.Rc1 Qf4 33.Ra1 Qd4 34.
Rd1 Qc5 35.Rd8+ Kh7 36.Bf5+ Qxf5 37.Rxb8 Nd7 38.Re8 Qb5 39.Qd1 Qb6 40.h3 
Qc6 41.b8=Q Nxb8 42.Rxb8 1-0